000 00293nam a22001337a 4500
008 170213b xxu||||| |||| 00| 0 eng d
020 _a0070496080
041 _aeng
080 _210ED
_a61
100 _a4
101 _aASHM
245 _aPRINCIPLES INTERNAL MEDICINE
_cADAMS
942 _2udc
_cBK
999 _c5283
_d5283